Power Ranger Samurai Characters - Statistics

General Stats
  • This quiz has been taken 975 times
  • The average score is 9 of 13
Answer Stats
Hint Character % Correct
Red ranger Jayden
94%
Blue ranger Kevin
92%
Pink ranger Mia
92%
Green ranger Mike
92%
Yellow ranger Emily
91%
Golden ranger Antonio
87%
Fat guy who also wants to be a samurai Bulk
77%
Skinny guy who wants to be a samurai Spike
60%
Sensei Mentor Ji
58%
Master of Nighlok Master Xandred
55%
Boy that is half-human, half-Nighlok Deker
44%
Girl that is half-human, half-Nighlok Dayu
42%
First Nighlok the Rangers defeat Tooya
14%
No matching quizzes found
Score Distribution
Percent of People with Each Score
Percentile by Number Answered
Your Score History
You have not taken this quiz